Town and Country Planning Act 1947: a memorandum for estate agents and auctioneers (Record no. 86937)

MARC details
000 -LEADER
fixed length control field 00512cam a2200193 4500
001 - CONTROL NUMBER
control field D8243
008 - FIXED-LENGTH DATA ELEMENTS--GENERAL INFORMATION
fixed length control field 090401t xxu||||| |||| 00| 0 eng d
035 ## - SYSTEM CONTROL NUMBER
System control number (Sirsi) u11966
041 ## - LANGUAGE CODE
Language code of text/sound track or separate title eng
050 ## - LIBRARY OF CONGRESS CALL NUMBER
Classification number 711.026
100 ## - MAIN ENTRY--PERSONAL NAME
Personal name Rimmer, E.J.
245 ## - TITLE STATEMENT
Title Town and Country Planning Act 1947: a memorandum for estate agents and auctioneers
260 ## - PUBLICATION, DISTRIBUTION, ETC.
Place of publication, distribution, etc. London
Name of publisher, distributor, etc. Incorporated Society of Auctioneers and
Date of publication, distribution, etc. n.d
300 ## - PHYSICAL DESCRIPTION
Extent 32p. 23cm
350 ## - PRICE (NR) (BK AM CF MU VM SE) [OBSOLETE]
Price 0
700 ## - ADDED ENTRY--PERSONAL NAME
Personal name Irvine, A.J.
942 ## - ADDED ENTRY ELEMENTS (KOHA)
Suppress in OPAC 0
948 ## - LOCAL PROCESSING INFORMATION (OCLC); SERIES PART DESIGNATOR (RLIN)
c (OCLC) 04/03/1997
Holdings
Withdrawn status Lost status Source of classification or shelving scheme Damaged status Not for loan Home library Current library Shelving location Date acquired Total Checkouts Full call number Barcode Date last seen Copy number Price effective from Koha item type
    Dewey Decimal Classification     London London Basement 21/08/1991   SHELF 134 30022312 06/08/2019 1 06/08/2019 Reference material